Surfujte s Finančným radcom III.

Výklad pojmu vyhľadávací server. Uvedenie niekoľkých príkladov jeho praktického využitia v každodennom živote. Princíp fungovania vyhľadávacieho servera.

Salvato in:
Dettagli Bibliografici
Autore principale: Markovič, Peter, 1974-
Natura: Capitolo di libro
Lingua:slovacco
Soggetti:
Tags: Aggiungi Tag
Nessun Tag, puoi essere il primo ad aggiungerne!!

MARC

LEADER 00000naa a2200000 4500
001 r039286
005 20240502071334.8
041 0 |a slo 
044 |a SK 
245 1 0 |a Surfujte s Finančným radcom III.  |c Peter Markovič 
520 |a Výklad pojmu vyhľadávací server. Uvedenie niekoľkých príkladov jeho praktického využitia v každodennom živote. Princíp fungovania vyhľadávacieho servera. 
610 2 0 |a servery 
610 2 0 |a pojmy 
610 2 0 |a internet 
610 2 0 |a informácie 
100 1 |a Markovič, Peter, 1974-